Normal view
MARC view
Entry Personal Name
001 - CONTROL NUMBER
- control field: 1125647
003 - CONTROL NUMBER IDENTIFIER
- control field: OSt
005 - DATE AND TIME OF LATEST TRANSACTION
- control field: 20260306153527.0
008 - FIXED-LENGTH DATA ELEMENTS
- fixed length control field: 260306|| aca||aabn | a|a d
040 ## - CATALOGING SOURCE
- Original cataloging agency: OSt
- Transcribing agency: OSt
100 ## - HEADING--PERSONAL NAME
- Personal name: Wamble
670 ## - SOURCE DATA FOUND
- Source citation: Work cat.: (OSt)1703846: Wamble, We Choose You 1st ed
